| 000 | 00830nam0a22002531 4500 | ||
|---|---|---|---|
| 001 | rc\4333951 | ||
| 005 | 20130416133555.0 | ||
| 021 |
_aRU _b[60-5952] |
||
| 035 | _a(NLR Aleph) 008271826 | ||
| 090 |
_a8461046 _c8461046 |
||
| 100 | _a20130416d1959 |||y0rusy50 ca | ||
| 101 | 1 |
_arus _cmol |
|
| 102 | _aRU | ||
| 105 | _ay z |||a| | ||
| 200 | 1 |
_a[Стихи _fПеревод с молд. А. Корнева _gДекада молд. искусства и литературы в Москве. 1960 |
|
| 210 |
_aКишинев _cКартя молдовеняскэ _d1959] |
||
| 215 |
_a46 с. _d12 |
||
| 700 | 1 |
_aГужель _bА. М. _f1922- _gАнатолий Моисеевич |
|
| 702 | 1 |
_aКорнев _bА. _4730 |
|
| 801 | 0 |
_aRU _bNLR _gpsbo |
|
| 801 | 1 |
_aRU _bELAR _2rusmarc |
|
| 852 |
_aNLR _j60-1/65 |
||
| 942 | _cBOOK | ||
| 980 | _aNB | ||